[Event "FICGS rapid C 000135 email"]
[Site "FICGS email"]
[Date "2016.10.08"]
[Round "1"]
[White "Giandomenico, Alfonso"]
[Black "Ropokis, Dimitrios"]
[Result "1-0"]
[WhiteElo "1590"]
[BlackElo "1584"]
[PlyCount "45"]
[EventDate "2016.??.??"]
[EventType "tourn (rapid)"]
[EventRounds "4"]
[SourceTitle "Corr 2022"]
[Source "ChessBase"]
[SourceDate "2021.10.24"]
[SourceVersion "1"]
[SourceVersionDate "2021.10.24"]
[SourceQuality "1"]

1. e4 e5 2. Bc4 Nf6 3. d3 Nc6 4. Nc3 Bb4 5. f4 Bxc3+ 6. bxc3 0-0 7. Nf3 d5 8. fxe5 dxc4 9. exf6 Qxf6 10. Bd2 Bg4 11. 0-0 Ne5 12. Nxe5 Bxd1 13. Rxf6 gxf6 14. Nd7 Rfd8 15. Nxf6+ Kg7 16. Rxd1 Kxf6 17. a4 Ke5 18. Bg5 f6 19. Bh4 Rd7 20. Bg3+ Ke6 21. d4 c6 22. Rb1 f5 23. e5 1-0

[Event "FICGS rapid C 000135 email"]
[Site "FICGS email"]
[Date "2016.10.08"]
[Round "1"]
[White "Wilson, Jaimie"]
[Black "Giandomenico, Alfonso"]
[Result "1-0"]
[WhiteElo "1653"]
[BlackElo "1590"]
[PlyCount "47"]
[EventDate "2016.??.??"]
[EventType "tourn (rapid)"]
[EventRounds "4"]
[SourceTitle "Corr 2022"]
[Source "ChessBase"]
[SourceDate "2021.10.24"]
[SourceVersion "1"]
[SourceVersionDate "2021.10.24"]
[SourceQuality "1"]

1. Nf3 c5 2. g3 Nf6 3. Bg2 e5 4. Nxe5 d5 5. 0-0 Bd6 6. d4 Nc6 7. Nxc6 bxc6 8. c4 Be6 9. Nc3 h6 10. dxc5 Bxc5 11. b3 0-0 12. cxd5 Nxd5 13. Bb2 Nxc3 14. Bxc3 Qb6 15. Qc2 Rad8 16. e3 Bd5 17. Rfd1 Bxg2 18. Kxg2 Rfe8 19. Qf5 Bf8 20. Ba5 Qb8 21. Bxd8 Rxd8 22. Rd7 Rxd7 23. Qxd7 Qe5 24. Rd1 1-0

[Event "FICGS rapid C 000134 email"]
[Site "FICGS email"]
[Date "2016.07.01"]
[Round "1"]
[White "Giandomenico, Alfonso"]
[Black "Faust, Dieter"]
[Result "0-1"]
[WhiteElo "1546"]
[BlackElo "1685"]
[PlyCount "64"]
[EventDate "2016.??.??"]
[EventType "tourn (rapid)"]
[EventRounds "4"]
[SourceTitle "Corr 2022"]
[Source "ChessBase"]
[SourceDate "2021.10.24"]
[SourceVersion "1"]
[SourceVersionDate "2021.10.24"]
[SourceQuality "1"]

1. e4 e6 2. d4 d5 3. Nd2 Nf6 4. e5 Nfd7 5. Bd3 b6 6. Ne2 Bb7 7. 0-0 c5 8. c3 Nc6 9. Nf3 Be7 10. Nf4 c4 11. Bc2 b5 12. Bd2 b4 13. Qb1 g6 14. Qc1 a5 15. Ba4 Qc7 16. Nh3 0-0 17. Nfg5 Nb6 18. Bxc6 Bxc6 19. f4 Na4 20. g4 Bd7 21. Nf3 bxc3 22. bxc3 Rfb8 23. g5 Nb2 24. Qe1 Nd3 25. Qh4 h5 26. Nf2 Ba4 27. Nh1 Ba3 28. Rab1 Rxb1 29. Rxb1 Rb8 30. Rxb8+ Qxb8 31. Ng3 Qb1+ 32. Kg2 Bd1 0-1

[Event "FICGS rapid C 000134 email"]
[Site "FICGS email"]
[Date "2016.07.01"]
[Round "1"]
[White "Giandomenico, Alfonso"]
[Black "Sternik, Ryszard"]
[Result "0-1"]
[WhiteElo "1546"]
[BlackElo "1729"]
[PlyCount "36"]
[EventDate "2016.??.??"]
[EventType "tourn (rapid)"]
[EventRounds "4"]
[SourceTitle "Corr 2022"]
[Source "ChessBase"]
[SourceDate "2021.10.24"]
[SourceVersion "1"]
[SourceVersionDate "2021.10.24"]
[SourceQuality "1"]

1. e4 e6 2. d4 d5 3. Nd2 c5 4. c3 cxd4 5. cxd4 Bb4 6. Bd3 dxe4 7. Bxe4 Qxd4 8. Qe2 Bxd2+ 9. Bxd2 Nf6 10. Bf3 Qxb2 11. Rd1 Nc6 12. Nh3 Nd4 13. Qd3 Nxf3+ 14. gxf3 Qe5+ 15. Kf1 Bd7 16. Kg2 Qh5 17. Nf4 Qg5+ 18. Kh3 e5+ 0-1

[Event "FICGS rapid C 000130 email"]
[Site "FICGS email"]
[Date "2015.12.04"]
[Round "1"]
[White "Vollmer, Steve"]
[Black "Giandomenico, Alfonso"]
[Result "0-1"]
[WhiteElo "1552"]
[BlackElo "1592"]
[PlyCount "64"]
[EventDate "2015.??.??"]
[EventType "tourn (rapid)"]
[EventRounds "4"]
[SourceTitle "Corr 2022"]
[Source "ChessBase"]
[SourceDate "2021.10.24"]
[SourceVersion "1"]
[SourceVersionDate "2021.10.24"]
[SourceQuality "1"]

1. d4 d5 2. c4 e6 3. Nc3 Nf6 4. Nf3 Nbd7 5. e3 Be7 6. Bd3 dxc4 7. Bxc4 0-0 8. 0-0 Nb6 9. Bd3 Nbd5 10. e4 Nb4 11. Bb1 c5 12. Qe2 b6 13. Rd1 Ba6 14. Qe3 Qc7 15. a3 cxd4 16. Nxd4 Nc6 17. Ndb5 Qe5 18. Qf4 Bxb5 19. Qxe5 Nxe5 20. Nxb5 Rad8 21. Nc3 Rxd1+ 22. Nxd1 Rd8 23. Nc3 Nc4 24. Bg5 h6 25. Bxf6 Bxf6 26. Ba2 Nxb2 27. Ne2 Nc4 28. Rc1 Nxa3 29. Bb3 Nb5 30. f4 Be7 31. Kf2 Bc5+ 32. Kf3 Rd3+ 0-1

[Event "FICGS rapid C 000128 email"]
[Site "FICGS email"]
[Date "2015.09.13"]
[Round "1"]
[White "Giandomenico, Alfonso"]
[Black "Domingo Gadea, Jordi"]
[Result "0-1"]
[WhiteElo "1617"]
[BlackElo "1755"]
[PlyCount "62"]
[EventDate "2015.??.??"]
[EventType "tourn (rapid)"]
[EventRounds "4"]
[SourceTitle "Corr 2022"]
[Source "ChessBase"]
[SourceDate "2021.10.24"]
[SourceVersion "1"]
[SourceVersionDate "2021.10.24"]
[SourceQuality "1"]

1. e4 e5 2. Bc4 Nc6 3. Nf3 f5 4. d3 Nf6 5. Bg5 d6 6. Nbd2 h6 7. Bxf6 Qxf6 8. c3 g5 9. h3 Bd7 10. Qe2 0-0-0 11. 0-0-0 Na5 12. Ne1 c6 13. f3 f4 14. Nc2 Bg7 15. Na3 h5 16. Nb3 Nxc4 17. Nxc4 d5 18. Na3 Kb8 19. Nc5 Bc8 20. Qc2 Bf8 21. d4 Qg7 22. Rhe1 g4 23. Rg1 exd4 24. cxd4 dxe4 25. Qxe4 Qf7 26. Nb3 Bxa3 27. bxa3 Rhe8 28. Qd3 gxh3 29. gxh3 Re3 30. Qf1 Be6 31. Kb2 Bxb3 0-1

[Event "FICGS rapid C 000128 email"]
[Site "FICGS email"]
[Date "2015.09.13"]
[Round "1"]
[White "Giandomenico, Alfonso"]
[Black "Von Buttlar, Paul"]
[Result "1/2-1/2"]
[WhiteElo "1617"]
[BlackElo "1641"]
[PlyCount "112"]
[EventDate "2015.??.??"]
[EventType "tourn (rapid)"]
[EventRounds "4"]
[SourceTitle "Corr 2022"]
[Source "ChessBase"]
[SourceDate "2021.10.24"]
[SourceVersion "1"]
[SourceVersionDate "2021.10.24"]
[SourceQuality "1"]

1. e4 e6 2. d4 d5 3. Nd2 Nf6 4. e5 Nfd7 5. Bd3 c5 6. c3 Nc6 7. Ndf3 Qb6 8. Ne2 f6 9. exf6 Nxf6 10. 0-0 Bd6 11. Qb3 Qxb3 12. axb3 cxd4 13. Nexd4 0-0 14. Nxc6 bxc6 15. Re1 Bc5 16. Be3 Bxe3 17. Rxe3 Ng4 18. Re2 Rf6 19. h3 Nh6 20. Rae1 c5 21. Ng5 Nf7 22. Nxe6 Bxe6 23. Rxe6 Rxe6 24. Rxe6 Rb8 25. Re7 Kf8 26. Rxa7 Rxb3 27. Bxh7 Rxb2 28. Ra5 Ng5 29. Bf5 Ne4 30. Bxe4 dxe4 31. Rxc5 Rb1+ 32. Kh2 Rc1 33. Rc4 Kf7 34. Rxe4 Rxc3 35. h4 Rc5 36. g4 Kg6 37. Kg3 Rc1 38. h5+ Kf6 39. Kf4 g5+ 40. Kf3 Rc3+ 41. Re3 Rc4 42. Kg3 Ra4 43. Rf3+ Kg7 44. Rf5 Kh6 45. Rf6+ Kh7 46. Rg6 Ra5 47. Kf3 Rb5 48. Ke4 Ra5 49. Rd6 Rb5 50. Rd7+ Kh6 51. Rd6+ Kh7 52. Rd5 Rb4+ 53. Kf5 Rf4+ 54. Ke6 Rxg4 55. Kf5 Rg2 56. f4 gxf4 1/2-1/2

[Event "FICGS rapid C 000128 email"]
[Site "FICGS email"]
[Date "2015.09.13"]
[Round "1"]
[White "Ramos, Francisco Miguel R"]
[Black "Giandomenico, Alfonso"]
[Result "1-0"]
[WhiteElo "1451"]
[BlackElo "1617"]
[PlyCount "103"]
[EventDate "2015.??.??"]
[EventType "tourn (rapid)"]
[EventRounds "4"]
[SourceTitle "Corr 2022"]
[Source "ChessBase"]
[SourceDate "2021.10.24"]
[SourceVersion "1"]
[SourceVersionDate "2021.10.24"]
[SourceQuality "1"]

1. e4 c5 2. Nf3 d6 3. d4 cxd4 4. Nxd4 Nf6 5. Nc3 g6 6. Be3 Bg7 7. Qd2 Ng4 8. 0-0-0 Nxe3 9. Qxe3 Nd7 10. Kb1 a6 11. h4 Nf6 12. f3 b5 13. g4 h5 14. g5 Nd7 15. Nd5 Bb7 16. Bh3 e6 17. Bxe6 Nc5 18. Bh3 0-0 19. Rhe1 Re8 20. Qd2 Bxd5 21. exd5 Qb6 22. Nc6 Na4 23. c3 a5 24. Bd7 Rf8 25. Re7 Nc5 26. Rde1 b4 27. c4 Na4 28. f4 Bxb2 29. f5 Bc3 30. Qc2 Bxe1 31. Rxe1 b3 32. axb3 Nc5 33. Ne7+ Kg7 34. Bb5 a4 35. b4 Nb3 36. fxg6 Nd4 37. Qd3 f6 38. Qxd4 Qxd4 39. Nf5+ Kxg6 40. Nxd4 fxg5 41. Ne6 Rf2 42. Nxg5 a3 43. Ne4 a2+ 44. Ka1 Rh2 45. Nxd6 Rxh4 46. Ne8 Rg4 47. d6 h4 48. Nc7 Rd8 49. d7 Rd4 50. Ne6 R8xd7 51. Bxd7 Rxd7 52. Nf8+ 1-0

[Event "FICGS rapid C 000127 email"]
[Site "FICGS email"]
[Date "2015.07.25"]
[Round "1"]
[White "Zemlyanov, Sergey Mikhailovich"]
[Black "Giandomenico, Alfonso"]
[Result "1-0"]
[WhiteElo "1556"]
[BlackElo "1527"]
[PlyCount "53"]
[EventDate "2015.??.??"]
[EventType "tourn (rapid)"]
[EventRounds "4"]
[SourceTitle "Corr 2022"]
[Source "ChessBase"]
[SourceDate "2021.10.24"]
[SourceVersion "1"]
[SourceVersionDate "2021.10.24"]
[SourceQuality "1"]

1. e4 c5 2. Nf3 d6 3. d4 cxd4 4. Nxd4 Nf6 5. Nc3 g6 6. Be3 Bg7 7. f3 a6 8. Qd2 Nbd7 9. g4 b5 10. 0-0-0 Bb7 11. h4 h5 12. g5 Nh7 13. f4 b4 14. Nd5 e6 15. f5 exf5 16. Bc4 Ne5 17. Qxb4 Rb8 18. exf5 Bxd5 19. Qa4+ Kf8 20. Bxd5 Ng4 21. fxg6 Nxe3 22. Bxf7 Qb6 23. Bb3 Bxd4 24. Qd7 Rb7 25. Rdf1+ Nxf1 26. Rxf1+ Nf6 27. g7# 1-0

[Event "FICGS rapid D 000091 email"]
[Site "FICGS email"]
[Date "2015.05.09"]
[Round "1"]
[White "Ramos, Francisco Miguel R"]
[Black "Giandomenico, Alfonso"]
[Result "1-0"]
[WhiteElo "1615"]
[BlackElo "1447"]
[PlyCount "61"]
[EventDate "2015.??.??"]
[EventType "tourn (rapid)"]
[EventRounds "5"]
[SourceTitle "Corr 2022"]
[Source "ChessBase"]
[SourceDate "2021.10.24"]
[SourceVersion "1"]
[SourceVersionDate "2021.10.24"]
[SourceQuality "1"]

1. e4 c5 2. Nf3 d6 3. d4 cxd4 4. Nxd4 Nf6 5. Nc3 g6 6. Be3 Bg7 7. Qd2 Ng4 8. Bg5 h6 9. Bh4 a6 10. h3 Nf6 11. 0-0-0 Nbd7 12. f4 b5 13. Bd3 Bb7 14. Kb1 Nc5 15. Rhe1 Nxd3 16. Qxd3 0-0 17. g4 b4 18. Nd5 Bxd5 19. exd5 Nxd5 20. Qf3 Qa5 21. Nb3 Nc3+ 22. bxc3 Qa3 23. Qe3 bxc3 24. Qc1 Qb4 25. Bxe7 Rfc8 26. Bxd6 Qc4 27. Be5 Bf8 28. f5 a5 29. Rd4 Qb5 30. fxg6 a4 31. Qf4 1-0

[Event "FICGS rapid D 000090 email"]
[Site "FICGS email"]
[Date "2015.04.06"]
[Round "1"]
[White "Piantadosi, Angelo"]
[Black "Giandomenico, Alfonso"]
[Result "0-1"]
[WhiteElo "1393"]
[BlackElo "1447"]
[PlyCount "58"]
[EventDate "2015.??.??"]
[EventType "tourn (rapid)"]
[EventRounds "5"]
[SourceTitle "Corr 2022"]
[Source "ChessBase"]
[SourceDate "2021.10.24"]
[SourceVersion "1"]
[SourceVersionDate "2021.10.24"]
[SourceQuality "1"]

1. e4 c5 2. Nf3 d6 3. d4 cxd4 4. Nxd4 Nf6 5. Nc3 g6 6. Be3 Bg7 7. f3 a6 8. Bc4 Nbd7 9. Qd2 b5 10. Bb3 Bb7 11. 0-0-0 Nc5 12. g4 Nxb3+ 13. Nxb3 b4 14. Ne2 a5 15. h4 h5 16. Nf4 a4 17. Nd4 hxg4 18. fxg4 Bxe4 19. Nc6 Bxc6 20. Qxb4 Bxh1 21. Rxh1 Nxg4 22. Ne6 fxe6 23. Qxg4 Kd7 24. Qxg6 Bf6 25. h5 Qb8 26. Rg1 Qxb2+ 27. Kd2 Qc3+ 28. Ke2 Qc4+ 29. Kf3 Qd5+ 0-1

[Event "FICGS rapid C 000115 email"]
[Site "FICGS email"]
[Date "2013.10.15"]
[Round "1"]
[White "Von Buttlar, Paul"]
[Black "Giandomenico, Alfonso"]
[Result "1-0"]
[WhiteElo "1674"]
[BlackElo "1614"]
[PlyCount "47"]
[EventDate "2013.??.??"]
[EventType "tourn (rapid)"]
[EventRounds "4"]
[SourceTitle "Corr 2022"]
[Source "ChessBase"]
[SourceDate "2021.10.24"]
[SourceVersion "1"]
[SourceVersionDate "2021.10.24"]
[SourceQuality "1"]

1. c4 Nf6 2. Nc3 e6 3. d4 Bb4 4. e3 c5 5. Bd3 cxd4 6. exd4 d6 7. Nge2 Nc6 8. 0-0 a6 9. a3 Bxc3 10. bxc3 0-0 11. Bg5 h6 12. Bh4 g5 13. Bg3 Nh5 14. Nc1 Nxg3 15. fxg3 f5 16. Qh5 Kg7 17. Qe2 Ne7 18. Nb3 Bd7 19. c5 d5 20. Nd2 b6 21. cxb6 Qxb6 22. Rab1 Qc7 23. c4 dxc4 24. Nxc4 1-0

[Event "FICGS rapid C 000114 email"]
[Site "FICGS email"]
[Date "2013.09.14"]
[Round "1"]
[White "Giandomenico, Alfonso"]
[Black "Moormann, Joerg"]
[Result "0-1"]
[WhiteElo "1614"]
[BlackElo "1505"]
[PlyCount "36"]
[EventDate "2013.??.??"]
[EventType "tourn (rapid)"]
[EventRounds "4"]
[SourceTitle "Corr 2022"]
[Source "ChessBase"]
[SourceDate "2021.10.24"]
[SourceVersion "1"]
[SourceVersionDate "2021.10.24"]
[SourceQuality "1"]

1. e4 e5 2. Bc4 Nf6 3. d3 Nc6 4. c3 Na5 5. Nd2 Nxc4 6. Nxc4 d5 7. exd5 Qxd5 8. Nf3 e4 9. Nfe5 b5 10. Nxf7 Kxf7 11. Ne3 Qxd3 12. Qxd3 exd3 13. Kd2 Ne4+ 14. Ke1 Bc5 15. f3 d2+ 16. Bxd2 Nxd2 17. Kxd2 Rd8+ 18. Ke2 Re8 0-1

[Event "FICGS rapid C 000109 email"]
[Site "FICGS email"]
[Date "2013.01.13"]
[Round "1"]
[White "Archip, Laurentiu"]
[Black "Giandomenico, Alfonso"]
[Result "0-1"]
[WhiteElo "1645"]
[BlackElo "1508"]
[PlyCount "72"]
[EventDate "2013.??.??"]
[EventType "tourn (rapid)"]
[EventRounds "4"]
[SourceTitle "Corr 2022"]
[Source "ChessBase"]
[SourceDate "2021.10.24"]
[SourceVersion "1"]
[SourceVersionDate "2021.10.24"]
[SourceQuality "1"]

1. c4 e6 2. d4 Nf6 3. Nc3 Bb4 4. Bd2 0-0 5. Nf3 b6 6. e3 Bb7 7. Be2 d5 8. cxd5 Bxc3 9. Bxc3 Nxd5 10. Bd2 Nf6 11. 0-0 Nbd7 12. Qc2 c5 13. dxc5 Nxc5 14. Bb4 Nfe4 15. Bxc5 Nxc5 16. Rfd1 Qf6 17. Nd4 Be4 18. Qc4 Rad8 19. b4 Na4 20. Nc6 Rxd1+ 21. Rxd1 Nc3 22. Re1 Nxe2+ 23. Qxe2 Bxc6 24. Rc1 Bb7 25. h3 Qg5 26. Qg4 Qxg4 27. hxg4 Rc8 28. Rxc8+ Bxc8 29. f4 f6 30. Kf2 Kf7 31. g3 e5 32. f5 g5 33. e4 Bd7 34. Ke3 Ke7 35. Kd3 Bb5+ 36. Ke3 Kd6 0-1

[Event "FICGS rapid C 000109 email"]
[Site "FICGS email"]
[Date "2013.01.13"]
[Round "1"]
[White "Giandomenico, Alfonso"]
[Black "Zmolil, Josef"]
[Result "1-0"]
[WhiteElo "1508"]
[BlackElo "1632"]
[PlyCount "33"]
[EventDate "2013.??.??"]
[EventType "tourn (rapid)"]
[EventRounds "4"]
[SourceTitle "Corr 2022"]
[Source "ChessBase"]
[SourceDate "2021.10.24"]
[SourceVersion "1"]
[SourceVersionDate "2021.10.24"]
[SourceQuality "1"]

1. e4 c6 2. d4 d5 3. Nd2 dxe4 4. Nxe4 Bf5 5. Ng3 Bg6 6. Nf3 Nd7 7. h4 h6 8. h5 Bh7 9. Bd3 Bxd3 10. Qxd3 e6 11. 0-0 Ngf6 12. Bf4 Be7 13. Rfe1 0-0 14. c3 Nd5 15. Be5 f6 16. Qg6 fxe5 17. Qxe6+ 1-0

[Event "FICGS rapid D 000072 email"]
[Site "FICGS email"]
[Date "2012.11.06"]
[Round "1"]
[White "Giandomenico, Alfonso"]
[Black "Brulland, Emmanuel"]
[Result "1-0"]
[WhiteElo "1485"]
[BlackElo "1354"]
[PlyCount "81"]
[EventDate "2012.??.??"]
[EventType "tourn (rapid)"]
[EventRounds "5"]
[SourceTitle "Corr 2022"]
[Source "ChessBase"]
[SourceDate "2021.10.24"]
[SourceVersion "1"]
[SourceVersionDate "2021.10.24"]
[SourceQuality "1"]

1. e4 c6 2. d4 d5 3. Nd2 e6 4. Ngf3 Nd7 5. Bd3 dxe4 6. Nxe4 Ngf6 7. c3 Be7 8. Bf4 0-0 9. 0-0 Re8 10. Re1 Nxe4 11. Bxe4 Nf6 12. Bc2 Nd5 13. Qd3 g6 14. Be5 Bf6 15. Qd2 Bg7 16. Bxg7 Kxg7 17. Ne5 Nf6 18. Re3 Nd7 19. Rh3 h5 20. Re1 Nxe5 21. Rxe5 Rh8 22. Rf3 Qe7 23. d5 cxd5 24. Qd4 Kg8 25. Qxd5 Kg7 26. Qd4 Kg8 27. Rfe3 Rh7 28. Rd5 Qc7 29. Rd8+ Qxd8 30. Qxd8+ Kg7 31. Rf3 b6 32. Be4 Bb7 33. Qf6+ Kg8 34. Bxb7 Rb8 35. Be4 Rc8 36. Bxg6 fxg6 37. Qxe6+ Kh8 38. Qxc8+ Kg7 39. Qc7+ Kh6 40. Qf4+ Kg7 41. Qf8# 1-0

[Event "FICGS rapid D 000072 email"]
[Site "FICGS email"]
[Date "2012.11.06"]
[Round "1"]
[White "Giandomenico, Alfonso"]
[Black "Leurette, Marc Antoine"]
[Result "1-0"]
[WhiteElo "1485"]
[BlackElo "1326"]
[PlyCount "49"]
[EventDate "2012.??.??"]
[EventType "tourn (rapid)"]
[EventRounds "5"]
[SourceTitle "Corr 2022"]
[Source "ChessBase"]
[SourceDate "2021.10.24"]
[SourceVersion "1"]
[SourceVersionDate "2021.10.24"]
[SourceQuality "1"]

1. e4 e5 2. Bc4 Nf6 3. d3 c6 4. Nf3 d5 5. Bb3 d4 6. Nxe5 Be6 7. Bxe6 fxe6 8. 0-0 Bd6 9. Nf3 c5 10. e5 Bc7 11. exf6 gxf6 12. Nh4 Nc6 13. Qh5+ Ke7 14. Re1 Qe8 15. Qxc5+ Bd6 16. Nf5+ Kd7 17. Qxd6+ Kc8 18. Rxe6 Qd7 19. Bf4 Qxd6 20. Rxd6 Rf8 21. Nd2 Rd8 22. Rxd8+ Kxd8 23. Re1 h5 24. Ng7 h4 25. Re8+ 1-0

[Event "FICGS rapid D 000072 email"]
[Site "FICGS email"]
[Date "2012.11.06"]
[Round "1"]
[White "Hancock, Sarah"]
[Black "Giandomenico, Alfonso"]
[Result "1-0"]
[WhiteElo "1614"]
[BlackElo "1485"]
[PlyCount "31"]
[EventDate "2012.??.??"]
[EventType "tourn (rapid)"]
[EventRounds "5"]
[SourceTitle "Corr 2022"]
[Source "ChessBase"]
[SourceDate "2021.10.24"]
[SourceVersion "1"]
[SourceVersionDate "2021.10.24"]
[SourceQuality "1"]

1. d4 Nf6 2. Bf4 e6 3. e3 c5 4. Nc3 a6 5. Nf3 cxd4 6. exd4 d6 7. Bd3 Be7 8. 0-0 Nc6 9. Ne4 d5 10. Nxf6+ Bxf6 11. c3 b5 12. b4 Bd7 13. a4 Na7 14. Ne5 0-0 15. Re1 Qb6 16. Nxd7 1-0